কাকাবাবু সমগ্র ৫ / (Record no. 10318)
[ view plain ]
| 000 -LEADER | |
|---|---|
| fixed length control field | 00808nam a2200229 a 4500 |
| 001 - CONTROL NUMBER | |
| JCCL Control Number | 10318 |
| 003 - CONTROL NUMBER IDENTIFIER | |
| JCCL marc code | BD-JhCC |
| 005 - DATE AND TIME OF LATEST TRANSACTION | |
| control field | 20221115134023.0 |
| 008 - FIXED-LENGTH DATA ELEMENTS--GENERAL INFORMATION | |
| fixed length control field | 170423s20042017bg |||| ||a| 000 0 ben d |
| 020 ## - INTERNATIONAL STANDARD BOOK NUMBER | |
| International Standard Book Number | 9788177564167 |
| 035 ## - SYSTEM CONTROL NUMBER | |
| system control number | (BD-JhCC)10318 |
| 040 ## - CATALOGING SOURCE | |
| Original cataloging agency | BD-JhCC |
| Modifying agency | BD-JhCC |
| 041 ## - LANGUAGE CODE | |
| Language code of Book | ben |
| 082 ## - DEWEY DECIMAL CLASSIFICATION NUMBER | |
| Classification number | 891.4435 |
| Author mark and Year | GAN 2017 |
| 100 ## - MAIN ENTRY--PERSONAL NAME | |
| Personal name | গঙ্গোপাধ্যায়, সুনীল |
| 245 ## - TITLE STATEMENT | |
| Title | কাকাবাবু সমগ্র ৫ / |
| Statement of responsibility, etc | সুনীল গঙ্গোপাধ্যায়, |
| 260 ## - PUBLICATION, DISTRIBUTION, ETC. (IMPRINT) | |
| Place of publication, distribution, etc | কলকাতা : |
| Name of publisher, distributor, etc | আনন্দ পাবলিশার্স প্রাইভেট লিমিটেড, |
| Date of publication, distribution, etc | ২০১৭. |
| 300 ## - PHYSICAL DESCRIPTION | |
| Pagination | ৪৬৪ পৃ. : |
| Dimensions | 22 cm. |
| 650 ## - SUBJECT ADDED ENTRY--TOPICAL TERM | |
| Topical term or geographic name as entry element | Adventure Fiction |
| 942 ## - ADDED ENTRY ELEMENTS (KOHA) | |
| Source of classification or shelving scheme | Dewey Decimal Classification |
| Koha item type | Books |
| Koha issues (borrowed), all copies | 29 |
| Source of classification or shelving scheme | Damaged status | Not for loan | Home library | Current library | Shelving location | Date of accession | Cost, normal purchase price | Total Checkouts | Total Renewals | Full call number | Barcode | Date last seen | Date checked out | Copy number | Koha item type |
|---|---|---|---|---|---|---|---|---|---|---|---|---|---|---|---|
| Dewey Decimal Classification | JCC Rouf Library | JCC Rouf Library | General Stacks | 04/23/2018 | 300.00 | 22 | 1 | 891.4435 GAN 2017 | 13609 | 01/31/2024 | 01/21/2024 | C-1 | Books |